[Event "ESP-chT"]
[Site "Salamanca"]
[Date "1998.??.??"]
[Round "7"]
[White "Oms Pallise, Josep"]
[Black "Garcia Padron, Jose"]
[Result "1-0"]
[WhiteElo "2440"]
[BlackElo "2460"]

1.d4 Nf6 2.c4 e6 3.Nf3 b6 4.g3 Ba6 5.Nbd2 c5 6.Bg2 Bb7 7.e4 cxd4 8.O-O d6
9.Nxd4 Nbd7 10.Re1 a6 11.a4 Qc7 12.a5 Be7 13.N2b3 Nc5 14.axb6 Qxb6 15.Nxc5 dxc5
16.Nb3 Rd8 17.Qc2 O-O 18.Bd2 Rb8 19.Na5 Ba8 20.Bc3 Qc7 21.Nb3 Bb7 22.Nd2 Nd7
23.e5 Bxg2 24.Kxg2 Rbc8 25.Qe4 Nb8 26.Ra3 Rce8 27.Nf3 f5 28.exf6 Bxf6 29.Ne5 Qb6
30.Raa1 Bxe5 31.Qxe5 Rf7 32.Rad1 Nd7 33.Qd6 Qb7+ 34.Kg1 Nf8 35.Qxc5 Rc8 36.Qd4 Rfc7
37.Qe4 Qxe4 38.Rxe4 Rxc4 39.Rxc4 Rxc4 40.Rd6 Ra4 41.Rb6 e5 42.Rb8 Kf7 43.Rb7+ Kf6
44.f4 Ng6 45.fxe5+ Nxe5 46.Bxe5+ Kxe5 47.Rxg7 Rb4 48.Kg2 Rxb2+ 49.Kh3 Kf5
50.g4+ Kf6 51.Rxh7 Kg6 52.Rd7 Rb6 53.Kh4 Kh6 54.Rd3 a5 55.Ra3 Rb5 56.Kg3 Kg5
57.h4+ Kg6 58.Ra4 Kh6 59.Rd4 Rb6 60.h5 Ra6 61.Kh4 Kg7 62.Ra4 Kf6 63.g5+ Kg7
64.Kg4 Ra8 65.h6+  1-0

[Event "Balazs mem op"]
[Site "Salgotarjan"]
[Date "1998.??.??"]
[Round "6"]
[White "Kiss, Pal"]
[Black "Szabo, Zsolt Jozsef"]
[Result "1/2-1/2"]
[WhiteElo "2435"]
[BlackElo "2430"]

1.d4 Nf6 2.c4 e6 3.Nf3 b6 4.g3 Ba6 5.b3 Bb4+ 6.Bd2 Be7 7.Bg2 c6 8.Bc3 d5
9.Nbd2 Nbd7 10.O-O O-O 11.Re1 c5 12.e4 Nxe4 13.Nxe4 dxe4 14.Rxe4 Bb7 15.Re3 Nf6
16.Ne5 Bxg2 17.Kxg2 Qc7 18.Qf3 cxd4 19.Bxd4 Bc5 20.Rd1 Bxd4 21.Rxd4 Rad8
22.Qc6 Qxc6+ 23.Nxc6 Rxd4 24.Nxd4 Rc8 25.f4 Kf8 26.Rd3 Ke7 27.Nf3 Nd7 28.Kf2 a6
29.Ke3 f6  1/2-1/2

[Event "Balazs mem op"]
[Site "Salgotarjan"]
[Date "1998.??.??"]
[Round "8"]
[White "Prokopisin, Vasily"]
[Black "Petran, Pal"]
[Result "0-1"]
[WhiteElo "2315"]
[BlackElo "2395"]

1.d4 Nf6 2.Nf3 e6 3.c4 b6 4.g3 Ba6 5.b3 Bb4+ 6.Bd2 Be7 7.Bg2 c6 8.Bc3 d5
9.Ne5 Nfd7 10.Nxd7 Nxd7 11.Nd2 O-O 12.O-O Nf6 13.Re1 c5 14.Bb2 Rc8 15.cxd5 Nxd5
16.dxc5 Bxc5 17.a3 Ne3 18.fxe3 Bxe3+ 19.Kh1 Bxd2 20.Rf1 Bc3 21.Qc2 Qd2 22.Qxd2 Bxd2
23.Bf3 Bc3 24.Rfb1 Bxb2 25.Rxb2 Rfd8 26.a4 Kf8 27.Kg2 Ke7 28.Kf2 f5 29.b4 Bc4
30.b5 Bd5 31.a5 Rc5 32.axb6 axb6 33.Ra6 Rd6 34.Bxd5 Rcxd5 35.Ra7+ Rd7 36.Ra8 Rc5
37.Rb8 Rd6 38.Rb7+ Kf6 39.h4 h6 40.Rb3 g6 41.Kf3 h5 42.Rb2 Rc3+ 43.Kf2 e5
44.Rb8 Rc4 45.Rb3 f4 46.gxf4 exf4 47.Rf8+ Kg7 48.Rb8 Re6 49.Rb7+ Kf6 50.Rb2 Kf5
51.Rf7+ Kg4 52.Rb1 Rce4 53.Rg1+ Kxh4 54.Kf1 Rxe2 55.Rxf4+ Kh3 56.Rxg6 Re1+
57.Kf2 Rxg6 58.Kxe1 Rg5 59.Rb4 Rf5 60.Ke2 h4 61.Ke3 Kg3 62.Rb1 Re5+ 63.Kd4 Re6
64.Kd5 Rh6 65.Rb3+ Kg4 66.Rb4+ Kf5 67.Rb1 h3 68.Rf1+ Kg4 69.Rg1+ Kf3 70.Rf1+ Kg2
71.Rf8 h2 72.Rg8+ Kf3 73.Rf8+ Ke3 74.Re8+ Kd2  0-1

[Event "Samobor"]
[Site "Samobor"]
[Date "1998.??.??"]
[Round "6"]
[White "Takac, Zvonko"]
[Black "Moldovan, Daniel"]
[Result "0-1"]
[WhiteElo "2190"]
[BlackElo "2420"]

1.d4 Nf6 2.Nf3 e6 3.c4 b6 4.g3 Ba6 5.b3 b5 6.Qc2 bxc4 7.bxc4 Bb4+ 8.Nbd2 O-O
9.Bg2 c6 10.O-O d5 11.Bb2 Qa5 12.a3 Be7 13.Ne5 Nfd7 14.Nxd7 Nxd7 15.e4 Rab8
16.Rfb1 Rfc8 17.Bc3 Rxb1+ 18.Rxb1 Qc7 19.c5 dxe4 20.Bxe4 Nf6 21.Bg2 Nd5 22.Nf3 Rb8
23.Bd2 h6 24.Ne5 Rxb1+ 25.Qxb1 Bf6 26.f4 Qc8 27.Be4 Ne7 28.Qd1 Bxe5 29.fxe5 Qd7
30.Bc3 Bc4 31.Qb1 Qc8 32.Qb4 Bd5 33.Bd3 Nf5 34.a4 Qd8 35.Be2 Be4 36.Kf2 Bh1
37.Qc4 Qg5 38.Qd3 Qc1 39.a5 Be4 40.Qxe4 Qxc3 41.Qxc6 Qe3+  0-1

[Event "Petrov mem"]
[Site "St Petersburg"]
[Date "1998.??.??"]
[Round "7"]
[White "Burmakin, Vladimir"]
[Black "Ionov, Sergey"]
[Result "1/2-1/2"]
[WhiteElo "2550"]
[BlackElo "2530"]

1.d4 Nf6 2.c4 e6 3.Nf3 b6 4.g3 Ba6 5.b3 Bb4+ 6.Bd2 Be7 7.Bg2 c6 8.O-O d5
9.Bc3 Nbd7 10.Nbd2 O-O 11.Re1 c5 12.cxd5 Nxd5 13.Bb2 Rc8 14.Rc1 Bb7 15.a3 b5
16.e4 N5f6 17.Qe2 Qb6 18.e5 Nd5 19.dxc5 Nxc5 20.b4 Nd7 21.Bd4 Qa6 22.Qd3 N5b6
23.Ra1 Rfd8 24.Ne4 Nf8 25.Qe3 Bxe4 26.Qxe4 Nd5 27.Bf1 Qa4 28.Qd3 a6 29.Rec1 Rxc1
30.Rxc1 a5 31.Ra1 axb4 32.axb4 Qxb4 33.Qxb5 Qxb5 34.Bxb5 h6 35.Ra7 Bb4 36.Bc6 Ng6
37.Ra8  1/2-1/2

[Event "SVK-chT1W 9798"]
[Site "SVK"]
[Date "1998.??.??"]
[Round "?"]
[White "Veselsky, Jozef"]
[Black "Sukuba, Zdenek"]
[Result "1/2-1/2"]
[WhiteElo "2330"]
[BlackElo "2180"]

1.d4 Nf6 2.Nf3 e6 3.c4 b6 4.g3 Ba6 5.b3 Bb4+ 6.Bd2 Qe7 7.Bg2 d5 8.a3 Bxd2+
9.Nbxd2 Nbd7 10.O-O O-O 11.Re1 Bb7 12.Qc2 c5 13.Qb2 Rfd8 14.b4 dxc4 15.bxc5 c3
16.Qxc3 bxc5 17.dxc5 Qxc5 18.Rec1 Rac8 19.Qb2 Qb6 20.Qxb6 Nxb6 21.Rxc8 Rxc8
22.Nd4 Bxg2 23.Kxg2 g6 24.Ra2 Nfd5 25.e3 e5 26.N4f3 f6 27.Ne1 Kf7 28.Rc2 Rxc2
29.Nxc2 Nc3 30.e4 f5 31.Kf3 Ke6 32.Ke3 fxe4 33.Nxe4 Nc4+ 34.Kd3 Nxe4 35.Kxe4 Nd6+
36.Kd3 Kd5 37.Ne3+ Kc5 38.f3 Kb5 39.Ng4 Nc4 40.Kc3 h5 41.a4+ Kc5 42.Nf2 Nd6
43.Nd3+ Kd5 44.Nb4+ Kc5 45.Nd3+ Kd5 46.f4 e4 47.Nc1 a5 48.Nb3 Nc4 49.h3 Nb6
50.Nxa5 Nxa4+ 51.Kd2 Nb2 52.Ke2 Nd3 53.Ke3 Nb2 54.Nb3 Nc4+ 55.Ke2 Nd6 56.Nd2 Nf5
57.Nf1 h4 58.gxh4 Nxh4 59.Ne3+ Ke6 60.Kf2 Nf5 61.Ng4 Ke7 62.Ne5 Kf6 63.Nd7+ Ke6
64.Nf8+ Kf6 65.Nh7+ Ke6 66.Ng5+ Kd5 67.Ke2 Nd4+ 68.Ke3 Nf5+ 69.Ke2 Nd4+  1/2-1/2

[Event "SVK-chT1W 9798"]
[Site "SVK"]
[Date "1998.??.??"]
[Round "?"]
[White "Blaho, Stefan"]
[Black "Debnar, Lubos"]
[Result "0-1"]
[WhiteElo "2180"]
[BlackElo "2280"]

1.d4 Nf6 2.c4 e6 3.Nf3 b6 4.g3 Ba6 5.b3 Bb4+ 6.Bd2 Be7 7.Bg2 c6 8.Bc3 d5
9.Ne5 Nfd7 10.Nxd7 Nxd7 11.Nd2 O-O 12.O-O Rc8 13.e4 dxc4 14.bxc4 b5 15.Rb1 bxc4
16.a4 c5 17.d5 exd5 18.exd5 Bf6 19.Ne4 Bxc3 20.Nxc3 Qf6 21.Qf3 Qxf3 22.Bxf3 Ne5
23.Be2 Nd3 24.Rfd1 Rfd8 25.Bg4 Rb8 26.Bd7 Rb3 27.Bb5 Rxc3 28.Bxa6 Nb4 29.Bb7 Rd3
30.Rdc1 Rd4 31.a5 g6 32.Kg2 Kg7 33.Rc3 Kf8 34.Re1 Re8 35.Rxe8+ Kxe8 36.Kf3 Rd3+
37.Rxd3 cxd3 38.Ke3 Kd7 39.g4 Kd6 40.g5 c4 41.Kd2 Nxd5  0-1

[Event "SVK-chT1W 9798"]
[Site "SVK"]
[Date "1998.??.??"]
[Round "?"]
[White "Veselsky, Jozef"]
[Black "Gorusa, Miroslav"]
[Result "1/2-1/2"]
[WhiteElo "2330"]
[BlackElo "2200"]

1.d4 Nf6 2.Nf3 e6 3.c4 b6 4.g3 Ba6 5.Qc2 d5 6.Nbd2 Be7 7.Bg2 Nbd7 8.O-O O-O
9.b3 Rc8 10.Bb2 c5 11.Rac1 cxd4 12.Nxd4 b5 13.Qb1 bxc4 14.bxc4 dxc4 15.Nc6 Rxc6
16.Bxc6 Nb8 17.Nxc4 Nxc6 18.Rfd1 Qb8 19.Bxf6 Qxb1 20.Rxb1 Bxf6 21.Ne3 Nd4
22.Rb4 Nxe2+ 23.Kg2 Nc3 24.Rd2 h5 25.Rb3 Nd5 26.Nxd5 exd5 27.Ra3 Bc4 28.Rxa7 d4
29.a4 Rd8 30.Rc7 Bb3 31.a5 Ra8 32.Rc5 g6 33.f3 Kf8 34.Rc6 Bg7 35.a6 Ke7 36.Rb2 Kd7
37.Rb6 Bd5 38.Rc2 Bf8 39.Rb5 Bc6 40.Rb6 Bd5 41.Rb5 Bc6 42.Rb6 d3 43.Rd2 Kc7
44.Rb3 Rxa6 45.Rbxd3 g5 46.Rc2 Ra3 47.Rxa3 Bxa3 48.Kf2 Kd6 49.Rd2+ Bd5 50.Ke2 Ke5
51.Rc2 Kd4 52.Rd2+ Kc5 53.Kf2 Kd6 54.Ke2 Bc5 55.Rc2 Bg1 56.Kf1 Bd4 57.Ke2 Ke5
58.Rc1 f5 59.Rc2 f4 60.Rc8 Bg1 61.Rd8 Bxh2 62.gxf4+ Bxf4 63.Kf2 h4 64.Kg2 Be6
65.Rd1 Be3 66.Ra1 h3+ 67.Kg3 Bf4+ 68.Kf2 h2 69.Kg2 Bd5 70.Rd1 Bc6 71.Re1+ Kd4
72.Rf1 Ke3 73.Kh1 Bg3 74.Kg2 Bf2 75.Kxh2 Kxf3 76.Rc1 Bd5 77.Rc8 Be3 78.Rf8+ Bf4+
79.Kg1 Kg3 80.Re8 Bc6 81.Rf8 Be4 82.Re8 Be3+ 83.Kf1 Bd3+ 84.Ke1 Kf3 85.Rf8+ Bf4
86.Rd8 Be4 87.Kf1 g4 88.Rf8 g3 89.Rg8 Ke3 90.Kg1 Kd2 91.Kf1 Ke3 92.Kg1 Kf3
93.Rf8 Kg4 94.Rg8+ Bg5 95.Kf1 g2+ 96.Kf2 Kh5 97.Rh8+ Kg6 98.Rh3 Kf5 99.Rg3 Bh4
100.Kg1  1/2-1/2

[Event "SVK-chT 9899"]
[Site "SVK"]
[Date "1998.??.??"]
[Round "4"]
[White "Kaniansky, Miroslav"]
[Black "Petrik, Stanislav"]
[Result "1-0"]
[WhiteElo "2175"]
[BlackElo "2230"]

1.d4 Nf6 2.Nf3 e6 3.c4 b6 4.g3 Ba6 5.Qa4 c6 6.Nc3 d5 7.cxd5 Nxd5 8.e4 Nxc3
9.bxc3 Bxf1 10.Kxf1 Bd6 11.Kg2 O-O 12.Rd1 Qc7 13.c4 Nd7 14.e5 Be7 15.Bf4 Qb7
16.Qc2 h6 17.h4 Rfd8 18.Qe4 Nf8 19.Nh2 Rd7 20.Rd3 Rad8 21.Rad1 Ng6 22.h5 Nf8
23.Ng4 Nh7 24.Bxh6 Bg5 25.Bxg5 Nxg5 26.Qf4 c5+ 27.d5 exd5 28.Qxg5 dxc4+ 29.Rf3 Rxd1
30.h6 f5 31.Nf6+ Kf8 32.h7 Kf7 33.Ng8 Rg1+ 34.Kxg1 Qxf3 35.Qxd8 Qh5  1-0

[Event "SVK-chT 9798"]
[Site "SVK"]
[Date "1998.??.??"]
[Round "9"]
[White "Djubek, Boris"]
[Black "Banas, Kamil"]
[Result "1/2-1/2"]
[WhiteElo "2215"]
[BlackElo "2035"]

1.d4 Nf6 2.c4 e6 3.Nf3 b6 4.g3 Ba6 5.Qc2 Bb7 6.Bg2 c5 7.O-O Nc6 8.dxc5 Bxc5
9.a3 O-O 10.b4 Be7 11.Bb2 Rc8 12.Nc3 Qc7 13.Rac1 Qb8 14.h3 Rfd8 15.e4 d6
16.Qe2 Nd7 17.Nd1 Bf6 18.Bxf6 Nxf6 19.Nc3 a5 20.b5 Ne7 21.Nd2 Nd7 22.Na4 Ba8
23.Nb3 Nc5 24.Nbxc5 dxc5 25.Rfd1 e5 26.Nc3 Rd4 27.Nd5 Bxd5 28.cxd5 Qd6 29.Rxd4 cxd4
30.Rxc8+ Nxc8 31.Qg4 Qc7 32.Bf1 Nd6 33.a4 Qc8 34.Qh5 f6 35.Qe2 Qc5 36.h4 f5
37.Bg2 Qc1+ 38.Kh2 f4 39.Qg4 fxg3+ 40.fxg3 Qc8 41.Qe2 g6 42.Bh3 Qc4 43.Qg4 Qc2+
44.Kg1 Nxe4 45.Bg2 Qf2+ 46.Kh2 Nf6  1/2-1/2

[Event "Tampere ELO Taraus"]
[Site "Tampere"]
[Date "1998.??.??"]
[Round "5"]
[White "Veingold, Aleksandr"]
[Black "Sammalvuo, Tapani"]
[Result "1/2-1/2"]
[WhiteElo "2475"]
[BlackElo "2395"]

1.d4 Nf6 2.Nf3 e6 3.c4 b6 4.g3 Ba6 5.b3 Bb4+ 6.Bd2 Be7 7.Bg2 c6 8.Bc3 d5
9.Nbd2 Nbd7 10.O-O O-O 11.Re1 Bb7 12.e4 dxe4 13.Nxe4  1/2-1/2

[Event "Trinec op9798"]
[Site "Trinec"]
[Date "1998.??.??"]
[Round "?"]
[White "Kupka, Slavoj"]
[Black "Henc, Renata"]
[Result "1/2-1/2"]
[WhiteElo "2330"]
[BlackElo "2135"]

1.d4 Nf6 2.Nf3 e6 3.c4 b6 4.g3 Ba6 5.b3 Bb4+ 6.Bd2 Be7 7.Bg2 d5 8.Qc1 Ne4
9.O-O O-O 10.Be3 c5 11.Nc3 Nc6 12.Rd1 Bf6 13.Nxe4 dxe4 14.dxc5 Qe8 15.Nd4 bxc5
16.Nxc6 Qxc6 17.Rb1 Rad8 18.Rxd8 Rxd8 19.Qa3  1/2-1/2

[Event "RUS-ch sf"]
[Site "Tula"]
[Date "1998.??.??"]
[Round "2"]
[White "Selin, O."]
[Black "Kalugin, Sergei"]
[Result "1/2-1/2"]
[WhiteElo "2245"]
[BlackElo "2240"]

1.d4 Nf6 2.c4 e6 3.Nf3 b6 4.g3 Ba6 5.b3 Bb4+ 6.Bd2 Be7 7.Bg2 c6 8.O-O O-O
9.Bc3 d5 10.Ne5 Nfd7 11.Nxd7 Nxd7 12.Nd2 Rc8 13.e4 c5 14.exd5 exd5 15.dxc5 dxc4
16.c6 cxb3 17.Re1 Bb5 18.axb3 Bxc6 19.Bxc6 Rxc6 20.Rxa7 Bf6 21.Ne4 Bxc3 22.Rxd7 Qa8
23.Re3 Bb2 24.Qf3 h6 25.Kg2 Ba3 26.Red3 Qb8 27.Qf5 Rc7 28.R3d4 Rc6 29.Ra4 Bb2
30.Raa7 Qe5 31.Qf3 Qe6 32.Re7 Qg6 33.h4 f5 34.Nd2 Rc5 35.b4 Rc3 36.Rxg7+ Qxg7
37.Rxg7+ Kxg7 38.Qb7+ Rf7 39.Qxb6 f4 40.Ne4 Rc2 41.Nd6 Rf8 42.Qb7+ Kg8 43.Qd5+ Kh8
44.Qe6 fxg3 45.Qxh6+ Kg8 46.Qg6+ Kh8 47.Qxc2 Rxf2+ 48.Qxf2 gxf2 49.Ne4 Kg7
50.Kxf2 Kg6 51.Kg3 Kf5 52.Kf3 Ke5 53.h5 Bc1 54.b5 Kd5 55.Kg4 Be3 56.Ng5 Kc5
57.h6 Kxb5 58.h7 Bd4 59.Kf5 Kc6 60.Ke6 Bh8 61.Nf7 Bg7 62.Nh6 Bh8 63.Nf5 Kc7
64.Nd6 Kc6 65.Ne8 Kc5 66.Kf7 Kd5 67.Kg8 Ke6 68.Ng7+ Ke7 69.Nf5+ Ke8 70.Nd6+ Ke7
71.Nf7 Bf6 72.Ng5 Bh8 73.Nf3 Ke8 74.Nh4 Bf6 75.Ng6 Bd4 76.Nf4 Be5 77.Ne6 Bh8
78.Nc7+ Ke7 79.Nd5+ Ke8 80.Nf4 Bd4 81.Nh5 Bh8 82.Ng7+ Ke7 83.Kxh8 Kf8 84.Nh5 Kf7
85.Ng3 Kf8 86.Ne4 Kf7 87.Nc5 Kf8  1/2-1/2

[Event "JUG Cup (Women)"]
[Site "Ulcinj"]
[Date "1998.??.??"]
[Round "2"]
[White "Khurtsidze, Nino"]
[Black "Maric, Alisa"]
[Result "1-0"]
[WhiteElo "2390"]
[BlackElo "2480"]

1.d4 Nf6 2.Nf3 e6 3.c4 b6 4.g3 Ba6 5.Qc2 Bb7 6.Nc3 c5 7.dxc5 Bxc5 8.Bg2 O-O
9.O-O Be7 10.Re1 Qc8 11.Bg5 Rd8 12.Rac1 Na6 13.e4 d6 14.Qe2 h6 15.Bf4 Nc5
16.Nd4 a6 17.h4 Ncd7 18.Nb3 Ne8 19.a3 Ra7 20.a4 Ba8 21.a5 Rc7 22.axb6 Nxb6
23.c5 e5 24.cxb6 Rxc3 25.Bd2 Rxc1 26.Rxc1 Qb7 27.Be3 d5 28.Na5 Qb8 29.exd5 Bxd5
30.Bxd5 Rxd5 31.Qxa6 Rd6 32.Bc5 Rd7 33.Bxe7 Rxe7 34.Nc6  1-0

[Event "JUG Cup"]
[Site "Ulcinj"]
[Date "1998.??.??"]
[Round "4"]
[White "Ivanisevic, Ivan"]
[Black "Markovic, Ivan"]
[Result "1/2-1/2"]
[WhiteElo "2460"]
[BlackElo "2445"]

1.d4 Nf6 2.c4 e6 3.Nf3 b6 4.g3 Ba6 5.Nbd2 Bb7 6.Bg2 c5 7.e4 cxd4 8.Nxd4 Nc6
9.Nxc6 Bxc6 10.O-O Qc7 11.Re1 Qb7 12.Qc2 Rc8 13.Nb3 Bb4 14.Re2 e5 15.f4 Bd6
16.Qd3 Qb8 17.f5 h6 18.Bf3 Ba4 19.Nd2 Bc5+ 20.Kg2 Bd4 21.Rb1 d6 22.b3 Bc6
23.g4 g5 24.Nf1 Nd7 25.Be3 Nc5 26.Qc2 f6 27.Bxd4 exd4 28.Qd2 Kf7 29.Qxd4 Rhd8
30.Rd1 a5 31.Ng3 Qc7 32.h4 Qe7 33.Nh5 Qe5 34.hxg5 hxg5 35.Red2 Rd7 36.Qxe5 dxe5
37.Rxd7+ Bxd7 38.Rd6 Rc6 39.Rd2 Ke7 40.Ng3 Rc8 41.Nf1 Bc6 42.Ne3 Nxe4 43.Bxe4  1/2-1/2

[Event "Vantaa op"]
[Site "Vantaa"]
[Date "1998.??.??"]
[Round "4"]
[White "Keskisarja, Teemu"]
[Black "Veingold, Aleksandr"]
[Result "0-1"]
[WhiteElo "2290"]
[BlackElo "2475"]

1.d4 Nf6 2.Nf3 e6 3.c4 b6 4.g3 Ba6 5.b3 b5 6.cxb5 Bxb5 7.Bg2 Bb4+ 8.Bd2 a5
9.O-O O-O 10.Nc3 Bc6 11.a3 Bxc3 12.Bxc3 Qc8 13.Rc1 Qb7 14.Bd2 Bd5 15.Ne1 Bxg2
16.Nxg2 d6 17.Qc2 Rc8 18.Qd3 Nbd7 19.Nf4 d5 20.b4 Ne4 21.Rb1 Nxd2 22.Qxd2 axb4
23.axb4 Nf6 24.Rfc1 Ne4 25.Qd1 Ra3 26.Rb3 Rxb3 27.Qxb3 Qb6  0-1

[Event "Vienna op 13th"]
[Site "Vienna"]
[Date "1998.??.??"]
[Round "?"]
[White "Farago, Ivan"]
[Black "Miniboeck, Guenter"]
[Result "1-0"]
[WhiteElo "2475"]
[BlackElo "2360"]

1.d4 Nf6 2.c4 e6 3.Nf3 b6 4.g3 Ba6 5.b3 Bb4+ 6.Bd2 Be7 7.Bg2 c6 8.Bc3 d5
9.Nbd2 Nbd7 10.O-O O-O 11.Rc1 Rc8 12.Rc2 c5 13.Qa1 b5 14.dxc5 dxc4 15.b4 Nd5
16.Nd4 Bf6 17.Bxd5 exd5 18.Nf5 Rb8 19.Nf3 Bc8 20.Rd2 Bxc3 21.Qxc3 Nf6 22.Rxd5 Bxf5
23.Rxd8 Rfxd8 24.Nd4 Be4 25.f3 Ba8 26.Nf5 Rd7 27.Nd6 Nd5 28.Qd2 Bc6 29.e4 Nc7
30.Qc3 Rbd8 31.Qa3 Ra8 32.Qa5 h6 33.a4 Rb8 34.Qxa7 Ra8 35.Qb6 Ra6 36.Qb8+ Kh7
37.axb5 Nxb5 38.Nxb5 Rb7 39.Qc8  1-0

[Event "Vienna op 13th"]
[Site "Vienna"]
[Date "1998.??.??"]
[Round "?"]
[White "Schneider Zinner, Harald"]
[Black "Farago, Ivan"]
[Result "0-1"]
[WhiteElo "2245"]
[BlackElo "2475"]

1.d4 Nf6 2.Nf3 e6 3.c4 b6 4.g3 Ba6 5.b3 d5 6.Bg2 dxc4 7.Ne5 Bb4+ 8.Bd2 cxb3
9.Qxb3 Bxd2+ 10.Nxd2 Qxd4 11.O-O Nd5 12.Ndf3 Qc3 13.Qa4+ b5 14.Qg4 O-O 15.Nxf7 Rxf7
16.Qxe6 Qc6 17.Qxf7+ Kxf7 18.Ne5+ Ke6 19.Nxc6 Nxc6 20.Rac1 Bb7 21.Rfd1 Nde7
22.Bh3+ Kf6 23.f4 a5 24.e4 Bc8 25.e5+ Kf7 26.Bd7 Bxd7 27.Rxd7 Ra6 28.Rxc7 Rb6
29.Rd7 b4 30.Rd6 a4 31.f5 b3 32.axb3 axb3 33.f6 b2 34.Rb1 Nf5 35.Rd7+ Kg8
36.Rd2 Nxe5 37.Rdxb2 Rxf6 38.Rb8+ Kf7 39.R8b6 Nf3+ 40.Kg2 Ne3+ 41.Kh1 Rf5
42.Rb7+ Kg6 43.R1b6+ Kh5 44.Rxg7 Ng5 45.Rb1 Rf2 46.Rgb7 Nc4 47.R1b5 Rf1+
48.Kg2 Ne3+  0-1

[Event "Vienna op 13th"]
[Site "Vienna"]
[Date "1998.??.??"]
[Round "?"]
[White "Baumegger, Siegfried"]
[Black "Hellmayr, Alois"]
[Result "0-1"]
[WhiteElo "2495"]
[BlackElo "2250"]

1.d4 Nf6 2.c4 e6 3.Nf3 b6 4.g3 Ba6 5.b3 Bb4+ 6.Bd2 Be7 7.Bg2 Bb7 8.Nc3 d5
9.O-O O-O 10.Qc2 Na6 11.Rad1 Qc8 12.Bg5 c5 13.cxd5 Nb4 14.Qb2 Nbxd5 15.Nxd5 exd5
16.Qc2 Qe6 17.Bxf6 Qxf6 18.Ne5 Rfd8 19.Qd2 Rac8 20.e3 Qf5 21.g4 Qe6 22.f4 f6
23.f5 Qd6 24.Nd3 c4 25.bxc4 Rxc4 26.Rc1 b5 27.Nf4 Rd7 28.Bf3 Bd8 29.Be2 Bc7
30.Bxc4 dxc4 31.Qf2 Be4 32.Ne6 Bb6 33.Qf4 Qxf4 34.Nxf4 Ba5 35.Kf2 Bd2 36.Rcd1 Ba5
37.Ne6 Bc6 38.Nc5 Rc7 39.Ne6 Rc8 40.d5 Bd7 41.a3 a6 42.g5 Bc3 43.Rg1 fxg5
44.Rxg5 Bf6 45.Rg4 h5 46.Rgg1 Kh8 47.Ke2 a5 48.Rb1 c3 49.Nd4 c2 50.Ra1 Bxd4
51.exd4 Bxf5 52.Kd2 Rc4 53.Ke3 b4 54.axb4 axb4 55.Kd2 Rxd4+ 56.Kc1 Rxd5 57.Ra4 b3
58.Rb4 Bg4 59.Rbxg4 hxg4  0-1

[Event "Villa Ballester op"]
[Site "Villa Ballester"]
[Date "1998.??.??"]
[Round "8"]
[White "Dickau, Daniel"]
[Black "Escandell, Juan Carlos"]
[Result "1-0"]
[WhiteElo "2120"]
[BlackElo "2265"]

1.d4 Nf6 2.Nf3 e6 3.c4 b6 4.g3 Ba6 5.b3 Bb4+ 6.Bd2 Be7 7.Bg2 c6 8.O-O d5
9.Nc3 dxc4 10.bxc4 O-O 11.Qa4 Bb7 12.e4 c5 13.d5 exd5 14.exd5 Nbd7 15.Bf4 Ne8
16.Rad1 Bd6 17.Bg5 Ndf6 18.Ne4 h6 19.Nxd6 Nxd6 20.Bf4 Nfe4 21.Bxd6 Nxd6 22.Rfe1 Re8
23.Nd2 Re7 24.Rxe7 Qxe7 25.Nf3 Qe8 26.Qc2 Ba6 27.Re1 Qc8 28.Ne5 Bb7 29.Nc6 Qf8
30.Ne7+ Kh8 31.Nf5 g6 32.Nxd6 Qxd6 33.Qe4 Ba6 34.Bf1 Rd8 35.Qe7 Rd7 36.Qxd6 Rxd6
37.Re7 Kg7 38.Rxa7 Bc8 39.Rc7 Bd7 40.Be2 Kf6 41.f4 Ke7 42.Kf2 Kd8 43.Ra7 Kc8
44.g4 g5 45.Ra8+ Kc7 46.Rf8 Rf6 47.f5 Kd6 48.Ke3 Ba4 49.Ra8 Bd7 50.a4 h5
51.h3 hxg4 52.hxg4 Rh6 53.Rb8 Rh3+ 54.Ke4 Rh2 55.Bd3 Rg2 56.Rxb6+ Kc7 57.Rf6 Rxg4+
58.Ke5 Rd4 59.d6+ Kd8 60.Be4 Rxc4 61.Rxf7 Bxa4 62.Bd5 Rc1 63.Rf8+ Kd7 64.Be6+ Kc6
65.Rc8+ Kb7 66.d7 Bxd7 67.Bxd7 Re1+ 68.Kd6 g4 69.Rxc5 Rd1+ 70.Ke7 g3 71.Rc2  1-0

[Event "Vlissingen HZ op"]
[Site "Vlissingen"]
[Date "1998.??.??"]
[Round "2"]
[White "Delemarre, Jop"]
[Black "De Weerd, Warner"]
[Result "1-0"]
[WhiteElo "2420"]
[BlackElo "2055"]

1.d4 Nf6 2.c4 e6 3.Nf3 b6 4.g3 Ba6 5.Nbd2 Bb4 6.Qc2 Bb7 7.Bg2 c5 8.O-O Bxd2
9.Qxd2 O-O 10.b3 a5 11.Bb2 a4 12.Rad1 axb3 13.axb3 Be4 14.dxc5 bxc5 15.Qe3 d5
16.Qxc5 Bc2 17.Rc1 Bxb3 18.Nd2 Ra5 19.Qb4 Bxc4 20.Nxc4 dxc4 21.Rfd1 Nd5 22.Qxc4 Qg5
23.h4 Qh5 24.e4 Nf6 25.Qb4 Qb5 26.Bc3 Qxb4 27.Bxb4 Rb5 28.Bxf8 Kxf8 29.e5 Nd5
30.f4 Nd7 31.Bxd5 exd5 32.Rb1 Ra5 33.Ra1 Rb5 34.Rdb1 Rc5 35.Ra7 Ke7 36.Rbb7  1-0

[Event "Wattens op 13th"]
[Site "Wattens"]
[Date "1998.??.??"]
[Round "5"]
[White "Thoeny, Hermann"]
[Black "Farago, Ivan"]
[Result "0-1"]
[WhiteElo "2240"]
[BlackElo "2530"]

1.d4 Nf6 2.Nf3 e6 3.c4 b6 4.g3 Ba6 5.b3 d5 6.Bg2 dxc4 7.Ne5 Bb4+ 8.Kf1 Nfd7
9.Bxa8 Nxe5 10.Kg2 Nbc6 11.Bxc6+ Nxc6 12.Bb2 cxb3 13.e4 bxa2 14.Rxa2 Bc4
15.Ra1 O-O 16.Na3 Bxa3 17.Rxa3 b5 18.Qd2 f5 19.f3 a5 20.Rd1 fxe4 21.fxe4 Rf7
22.Rf3 Rd7 23.Rf2 h6 24.Qc3 Qg5 25.Rdd2 Qg6 26.Qe3 a4 27.Rc2 Nd8 28.Ba3 Nf7
29.Rf4 Kh7 30.Bc5 e5 31.Rf5 exd4 32.Bxd4 Nd6 33.Re5 Bb3 34.Rc6 Qf7 35.Qf2 b4
36.Qe1 Bc4 37.Bc5 b3 38.Ba3 Bd3 39.Bxd6 b2  0-1

[Event "GER-ch int Seniors"]
[Site "Weilburg"]
[Date "1998.??.??"]
[Round "8"]
[White "Lieb, Harald"]
[Black "Gudat, Alfons"]
[Result "1-0"]
[WhiteElo "2230"]
[BlackElo "2080"]

1.d4 Nf6 2.Nf3 e6 3.c4 b6 4.g3 Ba6 5.b3 Bb4+ 6.Bd2 Be7 7.Bg2 c6 8.O-O d5
9.Ne5 Nfd7 10.Nxd7 Qxd7 11.Bc3 O-O 12.Nd2 Bf6 13.e4 dxc4 14.e5 Be7 15.bxc4 Rd8
16.Re1 Qc7 17.Qf3 Nd7 18.Rac1 Rac8 19.Bb2 Bb4 20.Bc3 Be7 21.Qg4 Nf8 22.h4 b5
23.d5 cxd5 24.cxd5 Ba3 25.Bb2 Qa5 26.Nb3 Qb4 27.Qxb4 Bxb4 28.Red1 exd5 29.Bxd5 Rxc1
30.Bxc1 Ne6 31.Bf3 Rxd1+ 32.Bxd1 Bb7 33.f4 Bc3 34.Be3 a5 35.f5 Nf8 36.Bd4 Be1
37.Bf2 Bxf2+ 38.Kxf2 a4 39.Nd4 Bd5 40.a3 Nd7 41.e6 fxe6 42.fxe6 Nc5 43.Nxb5 Bxe6
44.Ke3 Bd7 45.Nc3 Kf7 46.Kd4 Nb3+ 47.Kd3 Bf5+ 48.Ke3 Na5 49.Kd4 Be6 50.Bxa4 Nc4
51.Nb5 Nd2 52.Bd1 Nf1 53.Nd6+ Ke7 54.Ne4 Bf5 55.Be2 Nh2 56.a4 Kd8 57.a5 Kc7
58.Ke5 Bg4 59.Bxg4 Nxg4+ 60.Ke6 Nh6 61.Ke7 Kc6 62.Kf8 Nf5 63.Kg8 h6 64.h5 Kd5
65.g4 Ne7+ 66.Kxg7 Kxe4 67.Kxh6 Kf4 68.a6 Nc6 69.g5 Kf5 70.g6 Kf6 71.Kh7  1-0

[Event "POL-chT2"]
[Site "Wisla"]
[Date "1998.??.??"]
[Round "?"]
[White "Orzech, Dominik"]
[Black "Janota, Henryk"]
[Result "0-1"]
[WhiteElo "2135"]
[BlackElo "2255"]

1.Nf3 Nf6 2.d4 e6 3.c4 b6 4.g3 Ba6 5.b3 Bb4+ 6.Bd2 Be7 7.Nc3 d5 8.Bg2 O-O
9.O-O dxc4 10.Ne5 c6 11.Bxc6 Nxc6 12.Nxc6 Qe8 13.Nxe7+ Qxe7 14.bxc4 Bxc4
15.Qa4 Rfc8 16.Rab1 Nd5 17.Nxd5 exd5 18.Rfe1 Qf6 19.Be3 a6 20.Rbc1 Rc6 21.Rc2 h5
22.Rec1 b5 23.Qa5 h4 24.a4 bxa4 25.Qxa4 Rac8 26.Qa3 Re8 27.Qa4 h3 28.Rc3 Rce6
29.Qc2 Re4 30.Rb1 Qg6 31.Rb7 Qc6 32.Qb1 Qa4 33.Rb4 Qa5 34.Qb2 Bxe2 35.Ra3 Qc7
36.Qxe2 a5 37.Rb1 Rxd4 38.Re1 Rc4 39.Qh5 d4 40.Bd2 Qd7 41.Bxa5 d3 42.Qf3 d2
43.Rd1 Rce4 44.Bb6 Re1+  0-1

[Event "Untergrombach op"]
[Site "Untergrombach"]
[Date "1999.01.05"]
[Round "5"]
[White "Ikonnikov, Vyacheslav"]
[Black "Ksieski, Zbigniew"]
[Result "1/2-1/2"]
[WhiteElo "2555"]
[BlackElo "2400"]

1.d4 Nf6 2.Nf3 e6 3.c4 b6 4.g3 Ba6 5.Qa4 c5 6.Bg2 Bb7 7.dxc5 Bxc5 8.Nc3 O-O
9.O-O Be7 10.Bf4 Na6 11.Rfd1 Qc8 12.Nb5 Ne4 13.Nd6 Bxd6 14.Bxd6 Nac5 15.Qb4 Nxd6
16.Rxd6 Qc7 17.Rd4 a5 18.Qd2 d5 19.cxd5 Bxd5 20.Ne1 Bxg2 21.Nxg2 Rfd8 22.Rd1 Rxd4
23.Qxd4 h6 24.Nf4 Re8 25.Nh5 f5 26.Nf4 e5 27.Qc4+ Kh7 28.Nd5 Qc6 29.Qc2 e4
30.Ne3 Qg6 31.Ng2 Qf6 32.Nf4 Rd8 33.b3 Rxd1+ 34.Qxd1 Ne6 35.Nxe6 Qxe6 36.Qd4 g5  1/2-1/2

[Event "ISR-chT"]
[Site "Israel"]
[Date "1999.01.08"]
[Round "1"]
[White "Lev, Ronen"]
[Black "Rechlis, Gad"]
[Result "1-0"]
[WhiteElo "2460"]
[BlackElo "2520"]

1.d4 Nf6 2.c4 e6 3.Nf3 b6 4.g3 Ba6 5.b3 d5 6.Bg2 dxc4 7.Ne5 Bb4+ 8.Kf1 Bd6
9.Nxc4 Nd5 10.Bb2 Nc6 11.Bf3 f5 12.Nc3 Nce7 13.Kg2 Bb7 14.Nb5 O-O 15.Nbxd6 cxd6
16.Ba3 Nc8 17.Qd2 a5 18.b4 axb4 19.Bxb4 Qd7 20.Rhb1 Ra4 21.a3 b5 22.Nb2 Ra6
23.Qd3 Ncb6 24.e4 fxe4 25.Bxe4 Rfa8 26.Bd2 b4 27.a4 Nc3 28.Bxc3 bxc3 29.Nd1 Bxe4+
30.Qxe4 Nxa4 31.Rb7 Qc8 32.Re7 d5 33.Qe5 Qf8 34.Rxe6 c2 35.Ne3 Nb2 36.Rexa6 Rxa6
37.Rxa6  1-0

[Event "Tapolca op"]
[Site "Budapest"]
[Date "1999.01.09"]
[Round "2"]
[White "Bognar, Csaba"]
[Black "Hudecz, Viktor"]
[Result "1/2-1/2"]
[WhiteElo "2250"]
[BlackElo "2130"]

1.d4 Nf6 2.c4 e6 3.Nf3 b6 4.g3 Ba6 5.Nbd2 d5 6.Bg2 c6 7.O-O Nfd7 8.Qc2 f5
9.b3 Bd6 10.Bb2 O-O 11.Ne1 f4 12.Nd3 Bb7 13.e4 fxe3 14.fxe3 Na6 15.e4 Nb4
16.Qc3 Rxf1+ 17.Nxf1 Nxd3 18.Qxd3 Ba6 19.Ne3 Qg5 20.Qe2 Rf8 21.exd5 exd5
22.Nxd5 cxd5 23.Qe6+ Kh8 24.Qxd6 Qd2 25.Rf1 Qe3+ 26.Kh1 Rxf1+ 27.Bxf1 Qf2
28.Bh3 Qf3+ 29.Kg1 Qe3+ 30.Kh1 Qe1+ 31.Kg2 Qd2+ 32.Kh1 Qd1+ 33.Kg2 Qe2+ 34.Kh1 Qe4+
35.Kg1 Qb1+ 36.Bf1 Qxb2 37.Qxd7 Qxd4+ 38.Kg2 Qd2+  1/2-1/2